000 00671nas a2200241 i 4500
001 1667
003 ES-MaACL
005 20250902083712.0
007 t|
008 950801c1920 fr | | 1 ||pa d
080 _a44
245 0 0 _aPor la salud.
260 _a[Paris] :
_bLiga de Sociedades de la Cruz Roja,
_c1920- (
_fLux)
300 _a7 v. :
_bgrab. ;
_c24 y 27 cm.
310 _aTrimestral
321 _aMensual,
_b1920-28
362 0 _aV. I (1920)-
650 1 4 _aAsistencia social. Seguros.
_910379
710 2 _aLiga de Sociedades de la Cruz Roja
_95533
852 _aES-MaACL
_jHEM-D-180
_xHem-1376
_d
866 0 _o1922-30.
999 _c1667
_d1667